00702nam a2200205Ia 4500001002900000003000900029008004100038040002300079041001300102100001800115240005000133245005100183250001500234260003200249300002500281490002300306501012400329520000900453700003400462791.430 973-JAC le av (7363)IT-MiSPE171229s9999||||xx |||||||||||||| ||und|| aIT-MiSPEcIT-MiSPE aITALIANO aLewis Jacobs  aThe rise of american film: A critical history 0aL'avventurosa storia del cinema americanobII. a1a ed. (v) aMilanobIl Saggiatorec1966 a398 p. [2 v.]c17 cm a I gabbianiv 38/2 aEdizioni San Paolo srl - Piazza Soncino, 5 - 20092 CINISELLO BALSAMO (MI) (non commercial uses only) ® Copyright 2018 aTav. aGuidarino Guidig(traduzione)